Блудні сини України (Запис № 393548)

МАРК-запис
000 -Лідер
fixed length control field 00862nam a22002777a 4500
001 - Контрольний номер
control field 107382
003 - Ідентифікатор контрольного номера
control field UA-OsUOA
005 - Дата та час останнього входження (трансакції)
control field 20260203100452.0
007 - Фіксоване поле фізичного опису
fixed length control field ta
008 - Елементи даних фіксованої довжини – загальна інформація
fixed length control field 20140728b un ||||| |||| 00| 0 ukr d
020 ## - Міжнародний стандартний книжковий номер (ISBN)
Міжнародний стандартний книжковий номер (ISBN) (НП) 5777008224
040 ## - Джерело каталогізації
Агенція оригінальної каталогізації UA-OsUOA
Мова каталогізації ukr
Агенція, яка здійснювала перезапис UA-OsUOA
Агенція, яка здійснювала модифікацію UA-OsUOA
041 ## - Код мови
Код мови тексту/ звукової доріжки чи окремого заголовка (П) ukr
080 ## - Індекс Універсальної десяткової класифікації
Індекс Універсальної десяткової класифікації (УДК) (НП) 821.161.2
090 ## - Локальний шифр розміщення
Класифікаційний індекс УДК 821.161.2
Авторський знак (НП) С24
100 ## - Основне введення – ім’я особи
Ім’я особи (НП) Сверстюк Є.
9 (RLIN) 1594
245 ## - Відомості про назву
Назва (НП) Блудні сини України
Дані про відповідальність (НП) Євген Сверстюк
260 ## - Публікація, розповсюдження і т.п. (Вихідні дані)
Місце публікації, розповсюдження і т.п. (П) К.
Ім’я/ наймення видавництва, розповсюджувача і т.п. (П) Знання
Дата публікації, розповсюдження і т.п. (П) 1993
300 ## - Фізичний опис
Обсяг 256 с.
Інші фізичні характеристики (НП) іл.
490 ## - Область серії
Назва серії Письменники України та діяспори
Позначення і номер тому / порядкове позначення Вип. 3–4
591 ## - Дарувальник
Назва організації Самолюк В. В.
650 #7 - Додаткове предметне введення – тематичний термін
Тематичний термін чи географічна назва, як елемент введення (НП) 821.161.2 Українська література
Джерело заголовка чи терміна UDC
9 (RLIN) 41
942 ## - Додаткові елементи входу (Коха)
Тип елемента Koha Книги
Source of classification or shelving scheme Universal Decimal Classification
955 ## - Код типу видання за змістом
Код типу видання за змістом (НП) Літературно-художні видання
Фонди
Стан вилучень Стан втрат Джерело класифікації або схеми стелажів Стан уражень Не для кредиту Код колекції Постійне місце розташування Поточне розміщення Дата придбання Джерело придбання Вартість, звичайна ціна покупки Інвентарний номер Усього замовленно Повний номер виклику Штрих-код Дата останнього перегляду Ціна ефективна від Тип елемента Koha Вартість, ціна заміни
    Universal Decimal Classification       АБ - Абонемент НБ АБ - Абонемент НБ 13/09/2012     40725   821.161.2 С24 40725 06/04/2022 24/03/2008 Книги  
    Universal Decimal Classification       АБ - Абонемент НБ АБ - Абонемент НБ 15/09/2012     59075   821.161.2 С24 59075 06/04/2022 24/03/2008 Книги  
    Universal Decimal Classification       АБ - Абонемент НБ АБ - Абонемент НБ 15/04/2013 20/2013 7.00 142201   821.161.2 С24 142201 06/04/2022 29/11/2012 Книги  
    Universal Decimal Classification       АБ - Абонемент НБ АБ - Абонемент НБ 29/11/2012     56925   821.161.2 С24 56925 06/04/2022 29/11/2012 Книги  
    Universal Decimal Classification       АБ - Абонемент НБ АБ - Абонемент НБ 28/07/2014 27/2014 10.00 146056   821.161.2 С24 146056 11/02/2022 28/07/2014 Книги  
    Universal Decimal Classification     Колекція Шевчука Валерія АБ - Абонемент НБ АБ - Абонемент НБ 03/02/2026 №03/21.01.2026 10.00     821.161.2 С24 169282 03/02/2026 03/02/2026 Книги 10.00
    Universal Decimal Classification     Колекція Пасічника І.Д. ЧЗ - Читальна зала ЧЗ - Читальна зала 24/03/2008 33/2008 5.00 112636   821.161.2 С24 112636 07/02/2022 24/03/2008 Книги